000 00314nam a2200109Ia 4500
008 171211s9999 xx 000 0 und d
245 _aSee What I Mean: How to Use Comics to Communicate Ideas
245 _cKevin Cheng
260 _c2016
650 _xDesign
856 _uhttp://down.ebook777.com/062/1933820276.pdf
999 _c347901
_d347901